Statistics for Maisie Peters - You Signed Up For This

Click here to take the quiz!

General Stats

  • This quiz has been taken 25 times
  • The average score is 259 of 291

Answer Stats

Answer% Correct
20
100%
A
100%
am
100%
an
100%
and
100%
And
100%
But
100%
but
100%
driver’s
100%
for
100%
go
100%
I
100%
it
100%
it,
100%
my
100%
No
100%
now
100%
probably
100%
right,
100%
right
100%
signed
100%
this
100%
up
100%
upset
100%
You,
100%
you,
100%
you
100%
You
100%
got
94%
haven’t
94%
I’m
94%
licence
94%
me
94%
oh
94%
Oh
94%
still
94%
the
94%
to
94%
about
89%
again
89%
do
89%
don’t,
89%
Don’t
89%
don’t
89%
get
89%
if
89%
I’ll
89%
is
89%
just
89%
know
89%
make
89%
myself
89%
of
89%
sorry
89%
want
89%
we
89%
better
83%
better,
83%
everything
83%
give
83%
heart,
83%
invitation
83%
much,
83%
not
83%
on
83%
open
83%
Shout
83%
that
83%
too
83%
yet
83%
Can
78%
dark,
78%
guess
78%
it’s
78%
lines
78%
Please
78%
Scared
78%
she
78%
That’s
78%
yeah,
78%
6
72%
Alphabet
72%
any
72%
anymore?
72%
apart,
72%
breath
72%
drink
72%
drugs
72%
drunk
72%
Ellen
72%
from
72%
girls
72%
gone
72%
grew
72%
hard,
72%
hard
72%
making
72%
obsessed
72%
only
72%
out
72%
Road
72%
Running
72%
running
72%
Shouting
72%
small
72%
tell
72%
there’s
72%
think
72%
trying,
72%
trying?
72%
usually
72%
was
72%
way
72%
with
72%
actually
67%
death
67%
grow
67%
many
67%
station
67%
5’1
61%
bugs,
61%
‘Cause
61%
punk
61%
I’ve
56%
narration
56%
towner,
56%

Score Distribution

Percentile by Number Answered

Percent of People with Each Score

Your Score History

You have not taken this quiz